各五十音で最も人口の多い市町村 - Statistics

General Stats
  • This quiz has been taken 1,037 times
  • The average score is 27 of 44
Answer Stats
Hint Answer % Correct
大阪市
97%
札幌市
97%
福岡市
97%
名古屋市
96%
横浜市
96%
仙台市
94%
川崎市
93%
京都市
92%
広島市
91%
新潟市
90%
千葉市
89%
熊本市
88%
浜松市
88%
神戸市
87%
静岡市
87%
松山市
81%
宇都宮市
79%
和歌山市
78%
津市
75%
富山市
74%
盛岡市
69%
留萌市
64%
市川市
63%
高松市
63%
宮崎市
62%
沼津市
61%
尼崎市
57%
寝屋川市
55%
野田市
54%
武蔵野市
40%
吹田市
39%
気仙沼市
33%
八尾市
31%
海老名市
30%
天童市
29%
別府市
29%
草加市
28%
由利本荘市
25%
栗東市
24%
六戸町
23%
苓北町
22%
嵐山町
20%
防府市
11%
明和町
9%
No matching quizzes found
Score Distribution
Percent of People with Each Score
Percentile by Number Answered
Your Score History
You have not taken this quiz